000 00592nmm a2200169Ia 4500
008 251105s9999||||xx |||||||||||||||||und||
020 _a9788484899938
041 _aspa
100 _aVila-Belda, Reyes
245 0 _aGloria Fuertes: poesía contra el silencio :
_b Literatura, censura y mercado editorial (1954-1962)
264 _a[Madrid, España] :
_bIberoamericana Vervuert,
_c2017
300 _a305 páginas
490 _aLa Casa de la Riqueza. Estudios de Cultura de España
650 _aSpanish literature
856 _uhttps://public.digitaliapublishing.com/a/56792
942 _cCF
999 _c86917
_d86917